Central Library OPAC University of Rajshahi

আফগানিস্তানের ইতিহাস (১৭৪৭-১৯৭৮) / (Record no. 36)

MARC details
000 -LEADER
fixed length control field 01005nam a2200241 a 4500
001 - CONTROL NUMBER
control field 36
003 - CONTROL NUMBER IDENTIFIER
rucl marc code BD-RjUL
005 - DATE AND TIME OF LATEST TRANSACTION
control field 20211208233110.0
008 - FIXED-LENGTH DATA ELEMENTS--GENERAL INFORMATION
fixed length control field 131109r2007 bg bo | |||| 000 0 ben d
020 ## - INTERNATIONAL STANDARD BOOK NUMBER
International Standard Book Number 9843000004149 :
Terms of availability Tk. 375.00
035 ## - SYSTEM CONTROL NUMBER
System control number (BD-RjUL)40
040 ## - CATALOGING SOURCE
Original cataloging agency BD-RjUL
Language of cataloging ben
Transcribing agency BD-RjUL
Modifying agency BD-RjUL
041 ## - LANGUAGE CODE
Language code of text/sound track or separate title ben
082 04 - DEWEY DECIMAL CLASSIFICATION NUMBER
Edition number 23
Classification number 958.103
Author mark and year HAA 2007
100 ## - MAIN ENTRY--PERSONAL NAME
Personal name হক, মোঃ ফজলুল
9 (RLIN) 122
245 10 - TITLE STATEMENT
Title আফগানিস্তানের ইতিহাস (১৭৪৭-১৯৭৮) /
Statement of responsibility, etc. মোঃ ফজলুল হক
260 ## - PUBLICATION, DISTRIBUTION, ETC. (IMPRINT)
Place of publication, distribution, etc. রাজশাহী :
Name of publisher, distributor, etc. পাপিয়া সুলতানা,
Date of publication, distribution, etc. ২০০৭.
300 ## - PHYSICAL DESCRIPTION
Pagination [১০], ৩৪৪ পৃ. :
Illustrations চিত্র ;
Size ২১ সেমি.
504 ## - BIBLIOGRAPHY, ETC. NOTE
Bibliography, etc সহায়ক গ্রন্থপঞ্জি সংযুক্ত.
650 #0 - SUBJECT ADDED ENTRY--TOPICAL TERM
Topical term or geographic name as entry element আফগানিস্তান
General subdivision ইতিহাস
Chronological subdivision ১৭৪৭-১৯৭৮
9 (RLIN) 123
Topical term or geographic name as entry element Afganistan.
9 (RLIN) 63034
General subdivision History
Chronological subdivision 1747-1978
942 ## - ADDED ENTRY ELEMENTS (KOHA)
Source of classification or shelving scheme Dewey Decimal Classification
Koha item type Books
Holdings
Lost status Source of classification or shelving scheme Damaged status Not for loan Collection code Permanent Location Current Location Shelving location Date acquired Source of acquisition Cost, normal purchase price Total Checkouts Full call number Date last seen Date checked out Copy number Koha item type Checked out
  Dewey Decimal Classification     Non-fiction Central Library, University of Rajshahi Central Library, University of Rajshahi   22/05/2007 Author, R.U. 375.00 15 B 958.103 HAA 2007 30/03/2026 04/03/2026 C-3 Books  
  Dewey Decimal Classification     Non-fiction Central Library, University of Rajshahi Central Library, University of Rajshahi   22/05/2007 Lekhok, 375.00 5 B 958.103 HAA 2007 03/03/2024 20/02/2024 C-4 Books  
  Dewey Decimal Classification     Non-fiction Central Library, University of Rajshahi Central Library, University of Rajshahi   22/05/2007 Author 375.00 14 B 958.103 HAA 2007 01/04/2026 01/04/2026 C-5 Books 16/04/2026
  Dewey Decimal Classification   Not For Loan Non-fiction Central Library, University of Rajshahi Central Library, University of Rajshahi Reading Room 22/05/2007 Author 375.00   B 958.103 HAA 2007 22/02/2017   C-1 Books  
  Dewey Decimal Classification     Non-fiction Central Library, University of Rajshahi Central Library, University of Rajshahi   16/04/2017 Author 375.00 17 B 958.103 HAA 2007 05/03/2026 24/02/2026 C-2 Books